000 00498nam a22001937a 4500
003 NUST - PNEC
005 20170116180844.0
008 150822b xxu||||| |||| 00| 0 eng d
020 _a9788131708156
040 _cLIBRARY
082 _26th
_a621.3104 WIL
100 _95454
_aWildi Thoedore
245 _aElectrical machines, drives, and power systems
_cTheodore Wildi
250 _a6th ED.
260 _cc.2006
650 _95456
_aElectric machinery
651 _xEL, EE
942 _2ddc
_cBK
999 _c64455
_d64455